000 00857nam a2200241 a 4500
001 000019543
005 20200929170043.0
008 100630s2007 cu a 000 0 spa d
020 _a9789590504518
040 _aDO-SdBNP
_bspa
_cBNPHU
082 _a796.357
_bH564b, 2007
100 1 _aHerrán, Juan Ealo de la,
_d1912-1997
_941950
245 1 0 _aBéisbol técnico-táctico /
_cJuan Ealo de la Herrán ; edición María Luisa Acosta Hernández ; prólogo Raudol Ruiz Aguilera.
250 _a2a ed.
260 _aLa Habana :
_bCientífico-Técnica,
_c2007.
300 _axiii, 325 p. :
_bil. ;
_c21 cm.
650 4 _aBeisbol
_xHistoria
_941951
650 4 _aBeisbol
_xEnseñanza
_941952
650 4 _aBeisbol
_xTécnicas
_941953
700 1 _aAcosta Hernández, María Luisa,
_eed.
_938149
700 1 _aRuiz Aguilera, Raudol,
_epról.
_941954
049 _aBNPD
999 _c19059
_d19059